000 00478nam a2200133Ia 4500
008 200120s9999 xx 000 0 und d
020 _a9890133402667
100 _aBreyer, Pamela Peterson
245 _cPamela Peterson Breyer
_aGrammarwork 3:
_benglish exercises in context/
260 _aNew Jersey:
_bPrentice Hall
_c1996
300 _axii, 147 p. ;
_bill. :
_c28 cm.
650 _aEnglish language -- composition and exercises
650 _aEnglish language -- study and teaching
999 _c362944
_d362944